Minecraft Recipes - Statistics

General Stats
  • This quiz has been taken 88 times
  • The average score is 20 of 25
Answer Stats
Answer % Correct
Glass
91%
Glass
91%
Planks
91%
Planks
91%
Glass
89%
Glass
89%
Glass
89%
Planks
89%
Cobblestone
85%
Cobblestone
85%
Cobblestone
85%
Redstone
85%
Obsidian
84%
Obsidian
84%
Obsidian
84%
Cobblestone
82%
Iron
81%
Nether Star
80%
Stick
77%
Stick
74%
Soul Sand/Soul Soil
69%
Stick
68%
Log
62%
Log
59%
Log
59%
No matching quizzes found
Score Distribution
Percent of People with Each Score
Percentile by Number Answered
Your Score History
You have not taken this quiz